| 000 | 00466nam a22001817a 4500 | ||
|---|---|---|---|
| 003 | CEME | ||
| 005 | 20210628205851.0 | ||
| 008 | 210318b xxu||||| |||| 00| 0 eng d | ||
| 020 | _a0-538-64479-6 | ||
| 040 | _c. | ||
| 082 | _a621.388 THO | ||
| 100 |
_aThode, Brad Thode, Terry _977309 |
||
| 245 | _aTv and radio technology | ||
| 260 |
_aCINCINNATI _bTHOMAS LEARNING _c1996 |
||
| 300 | _a160P | ||
| 650 |
_aRADIO TECHNOLOGY TELEVISION _977310 |
||
| 942 |
_cBK _2ddc |
||
| 999 |
_c582603 _d582603 |
||